[Event "AUTO-OPEN-3915"]
[Site "http://www.queenalice.com/game.php?id=1520800"]
[Date "2018.3.23"]
[Round "1"]
[White "Artking"]
[Black "paepum"]
[Result "1-0"]
[WhiteElo "2067"]
[BlackElo "1287"]

1. e4 e5 2. Nf3 Qf6 3. Bc4 g5 4. d4 Bd6 5. Bxg5 Qg6 6. dxe5 h6 7. exd6 hxg5 8.
Nc3 c6 9. Ne5 Qf6 10. Ng4 Qf4 11. Qd4 Rh4 12. Qg7 Ne7 13. Nf6+ 1-0

[Event "AUTO-OPEN-3915"]
[Site "http://www.queenalice.com/game.php?id=1520801"]
[Date "2018.3.23"]
[Round "1"]
[White "paepum"]
[Black "Artking"]
[Result "0-1"]
[WhiteElo "1310"]
[BlackElo "2037"]

1. e4 c5 2. Bc4 Nc6 3. Qf3 Ne5 4. Qc3 Nxc4 5. Qxc4 a6 6. Nf3 e6 7. O-O Nf6 8. e5
b5 9. Qf4 Nd5 10. Qe4 Bb7 11. c4 bxc4 12. Na3 Qc7 13. Qxc4 Nb6 14. Qf4 Nd5 15.
Qg5 Be7 16. Qxg7 O-O-O 17. Ng5 Rhg8 18. Qxf7 Rxg5 19. Qxh7 Rxg2+ 20. Kxg2 Nf6+
21. Qe4 Bxe4+ 22. f3 Rg8+ 23. Kf2 c4 24. fxe4 Nxe4+ 25. Ke3 Bc5+ 26. Kxe4 Qc6+
27. Kf4 Qg2 28. Rf3 Qg4# 0-1

[Event "AUTO-OPEN-3915"]
[Site "http://www.queenalice.com/game.php?id=1520828"]
[Date "2018.3.23"]
[Round "1"]
[White "otavio01"]
[Black "paepum"]
[Result "0-1"]
[WhiteElo "1282"]
[BlackElo "1294"]

1. e4 e5 2. d4 c6 3. d5 Bc5 4. dxc6 Nxc6 5. Nf3 Nf6 6. Nc3 Qb6 7. Qe2 Nd4 8.
Nxd4 Bxd4 9. Bd2 Qxb2 10. Rb1 Qxc2 11. f3 Bxc3 12. Bxc3 Qxc3+ 13. Kf2 d5 14.
Qb5+ Bd7 15. Qxb7 Qd4+ 16. Ke2 O-O 17. exd5 Rab8 18. Qxb8 Rxb8 19. Rxb8+ Be8 20.
Ke1 g6 21. h4 Qa1+ 22. Kf2 Qxa2+ 23. Be2 Kg7 24. g4 a6 25. Re1 Bd7 26. Kg3 h5
27. d6 hxg4 28. fxg4 Qa3+ 29. Kg2 Qxd6 30. Bf3 Qxb8 0-1

[Event "AUTO-OPEN-3915"]
[Site "http://www.queenalice.com/game.php?id=1520829"]
[Date "2018.3.23"]
[Round "1"]
[White "paepum"]
[Black "otavio01"]
[Result "0-1"]
[WhiteElo "1290"]
[BlackElo "1300"]

1. e4 e5 2. Bc4 Nf6 3. Nh3 Nxe4 4. Qf3 Nf6 5. O-O Nc6 6. Nc3 Bc5 7. Ng5 O-O 8.
Qf5 g6 9. Qh3 d5 10. Bxd5 Bxh3 11. Bxf7+ Rxf7 12. Nxf7 Kxf7 13. gxh3 Nd4 14. a4
Nxc2 15. Rb1 Nh5 16. Ne4 Bb6 17. b4 Qh4 18. d3 h6 19. Bxh6 Ng3 20. hxg3 Qxh6 21.
a5 Bd4 22. b5 Ke7 23. Kg2 Rh8 24. a6 b6 25. Rbc1 c5 26. Rxc2 Qxh3+ 27. Kf3 Qxf1
28. g4 Qd1+ 29. Re2 Rh3+ 30. Ng3 Qxd3+ 31. Kg2 Rxg3+ 32. fxg3 Qxe2+ 33. Kh3 Qf1+
34. Kh4 Be3 35. g5 Qh1+ 36. Kg4 Qh5# 0-1

[Event "AUTO-OPEN-3915"]
[Site "http://www.queenalice.com/game.php?id=1520848"]
[Date "2018.3.23"]
[Round "1"]
[White "paepum"]
[Black "Spiritus"]
[Result "0-1"]
[WhiteElo "1295"]
[BlackElo "2374"]

1. e4 e5 2. Qf3 Nf6 3. Nh3 Nc6 4. Qb3 Nxe4 5. d3 Nc5 6. Qc4 d5 7. Qc3 Bxh3 8.
gxh3 Be7 9. Rg1 g6 10. d4 Ne6 11. dxe5 Bb4 12. h4 Bxc3+ 13. Nxc3 Ned4 14. Be2
Nxc2+ 15. Kf1 Nxa1 16. e6 fxe6 17. Bg5 Qd7 18. Kg2 Nc2 19. Rc1 N2d4 20. Bg4 Qf7
21. b4 Ne5 22. Na4 Nxg4 23. Nc5 Qf3+ 24. Kf1 Qxf2# 0-1

[Event "AUTO-OPEN-3915"]
[Site "http://www.queenalice.com/game.php?id=1520849"]
[Date "2018.3.23"]
[Round "1"]
[White "Spiritus"]
[Black "paepum"]
[Result "1-0"]
[WhiteElo "2373"]
[BlackElo "1294"]

1. e4 e5 2. Bc4 Nf6 3. d4 Nc6 4. d5 Nd4 5. c3 b5 6. Bd3 h5 7. cxd4 Ng4 8. h3
Bb4+ 9. Bd2 a5 10. hxg4 c6 11. d6 Qf6 12. dxe5 Qxe5 13. Bc3 Bc5 14. Bxe5 Rh6 15.
g5 Re6 16. Rxh5 Rxe5 17. Rh8# 1-0

[Event "AUTO-BEG-658"]
[Site "http://www.queenalice.com/game.php?id=1521005"]
[Date "2018.3.24"]
[Round "1"]
[White "nonox"]
[Black "paepum"]
[Result "1-0"]
[WhiteElo "1351"]
[BlackElo "1281"]

1. e4 e5 2. d3 d5 3. f3 Nf6 4. Nc3 Nc6 5. Nxd5 Nd4 6. f4 c6 7. Ne3 exf4 8. Nc4
Ng4 9. Bxf4 g5 10. Be5 f6 11. Bg3 b5 12. Nd2 Ne3 13. Qh5+ Ke7 14. Rc1 Bg4 15.
Qxg4 Nxg4 16. h3 Ne3 17. Ngf3 Ke8 18. c3 Ndc2+ 19. Ke2 Qb6 20. d4 Nxf1 21. Rhxf1
g4 22. hxg4 b4 23. Rxc2 Qb5+ 24. c4 Qa4 25. b3 Qa3 26. Nb1 Qa5 27. d5 1-0

[Event "AUTO-BEG-658"]
[Site "http://www.queenalice.com/game.php?id=1521006"]
[Date "2018.3.24"]
[Round "1"]
[White "paepum"]
[Black "nonox"]
[Result "0-1"]
[WhiteElo "1295"]
[BlackElo "1337"]

1. e4 e5 2. d4 f6 3. Nh3 Nc6 4. Nc3 Bb4 5. Bc4 Nxd4 6. O-O c6 7. Bxg8 Rxg8 8.
Qh5+ g6 9. Qxh7 Rf8 10. Bh6 Rf7 11. Qg8+ Ke7 12. Qxg6 Nxc2 13. Bg5 Nxa1 14.
Bxf6+ Rxf6 15. Qg7+ Ke8 16. Rxa1 d6 17. Ng5 Qe7 18. Qg8+ Qf8 19. Qh7 Rh6 20.
Qf7+ Qxf7 21. Nxf7 Kxf7 22. Ne2 Bg4 23. Ng3 Ke7 24. a3 Ba5 25. b4 Bb6 0-1

[Event "AUTO-INT-3335"]
[Site "http://www.queenalice.com/game.php?id=1522788"]
[Date "2018.4.8"]
[Round "1"]
[White "paepum"]
[Black "jocapeme"]
[Result "0-1"]
[WhiteElo "1281"]
[BlackElo "1819"]

1. d4 d5 2. e4 e6 3. exd5 exd5 4. Qe2+ Be7 5. c4 dxc4 6. Qxc4 Nf6 7. Nf3 Nc6 8.
Ng5 O-O 9. d5 Nxd5 10. Nc3 Nxc3 11. Qxc3 Bb4 12. Qxb4 Nxb4 13. h4 Re8+ 14. Be2
Nc2+ 15. Kf1 Qd1+ 16. Bxd1 Re1# 0-1

[Event "AUTO-INT-3335"]
[Site "http://www.queenalice.com/game.php?id=1522789"]
[Date "2018.4.8"]
[Round "1"]
[White "jocapeme"]
[Black "paepum"]
[Result "1-0"]
[WhiteElo "1921"]
[BlackElo "1297"]

1. e4 e5 2. Nf3 d5 3. Nxe5 Qd6 4. d4 f6 5. Qh5+ g6 6. Nxg6 hxg6 7. Qxh8 Be6 8.
Bd3 Nh6 9. Bxh6 Nd7 10. Bxf8 Qxf8 11. Qxf8+ Nxf8 12. Nc3 Nh7 13. exd5 Bg4 14.
Bxg6+ Kf8 15. Bxh7 Re8+ 16. Kd2 b5 17. Nxb5 Re2+ 18. Kc3 Bf5 19. Bxf5 Rxf2 20.
Rhe1 Rxf5 21. Nxc7 Rf2 22. d6 f5 23. d7 Rxg2 24. d8=Q+ Kg7 25. Re7+ Kf6 26. Nd5+
Kg6 27. Qg8+ Kh5 28. Rh7# 1-0

[Event "AUTO-INT-3335"]
[Site "http://www.queenalice.com/game.php?id=1522790"]
[Date "2018.4.8"]
[Round "1"]
[White "paepum"]
[Black "Ricardoabreu"]
[Result "0-1"]
[WhiteElo "1293"]
[BlackElo "1562"]

1. d4 b6 2. e4 e6 3. Qf3 Bb7 4. Nh3 f5 5. exf5 Bxf3 6. gxf3 exf5 7. Bd3 g6 8.
Bg5 Be7 9. f4 h6 10. Bf1 hxg5 11. c3 g4 12. Ng5 Bxg5 13. fxg5 Qxg5 14. Nd2 Nc6
15. f3 Qe3+ 16. Be2 O-O-O 17. Nc4 Qe6 18. b3 Re8 19. fxg4 Qxe2# 0-1

[Event "AUTO-INT-3335"]
[Site "http://www.queenalice.com/game.php?id=1522791"]
[Date "2018.4.8"]
[Round "1"]
[White "Ricardoabreu"]
[Black "paepum"]
[Result "1-0"]
[WhiteElo "1666"]
[BlackElo "1295"]

1. b3 e5 2. Bb2 d6 3. g3 d5 4. Bxe5 Nc6 5. Bb2 Nh6 6. Bg2 Qf6 7. Bxf6 gxf6 8.
Bxd5 Nd4 9. e3 Nb5 10. Qf3 c6 11. Bxc6+ bxc6 12. Qxc6+ Kd8 13. Qxa8 Nc7 14. Qxa7
Rg8 15. Qd4+ Bd7 16. Qxf6+ Kc8 17. h3 Rg6 18. Qd4 Bg7 19. Qd3 Bb5 20. Qe4 Bxa1
21. c3 Bc6 22. Qb4 Nd5 23. Qf8+ Kb7 24. Nf3 Rf6 25. Ne5 Nf5 26. Nxc6 Kxc6 27.
Qc8+ Kb6 28. O-O Nfe7 29. Qd8+ Kc5 30. e4 Rd6 31. Qa5+ Kc6 32. exd5+ Rxd5 33.
Qa8+ Kd6 34. Re1 Nc6 35. Qf8+ Kc7 36. Qxf7+ Kd6 37. Qe6+ Kc5 38. b4+ Nxb4 39.
cxb4+ Kc4 40. Na3+ Kd4 41. Qe3# 1-0

[Event "AUTO-INT-3335"]
[Site "http://www.queenalice.com/game.php?id=1522792"]
[Date "2018.4.8"]
[Round "1"]
[White "paepum"]
[Black "byyonico"]
[Result "0-1"]
[WhiteElo "1301"]
[BlackElo "1709"]

1. d4 Nf6 2. e4 Nxe4 3. Bd3 Nf6 4. Qf3 g6 5. h4 h5 6. Nh3 Bg7 7. g4 hxg4 8. Qf4
Bh6 9. Qe5 Bxc1 10. Ng5 Bxg5 11. Qxg5 d5 12. h5 Nxh5 13. Nc3 c6 14. Be2 Bf5 15.
Bxg4 Bxc2 16. O-O Qd6 17. Rac1 Bd3 18. Rfe1 Nd7 19. Re3 Be4 20. Nxe4 dxe4 21.
Rce1 Ndf6 22. Rxe4 Rd8 23. Rxe7+ Kf8 24. f3 Qg3+ 25. Kf1 Kg7 26. Bf5 Qxg5 27.
R1e5 gxf5 28. Rxb7 Ng3+ 29. Kf2 Rh2+ 30. Kg1 Rdh8 31. f4 Ne2+ 32. Kf1 Qg1# 0-1

[Event "AUTO-INT-3335"]
[Site "http://www.queenalice.com/game.php?id=1522793"]
[Date "2018.4.8"]
[Round "1"]
[White "byyonico"]
[Black "paepum"]
[Result "1-0"]
[WhiteElo "1710"]
[BlackElo "1303"]

1. e4 e5 2. Nf3 d6 3. Bc4 Qf6 4. O-O Qf4 5. d3 Qg4 6. h3 Qh5 7. Nc3 g5 8. Bxg5
h6 9. Bh4 Bxh3 10. gxh3 Qg6+ 11. Kh2 Nc6 12. Rg1 Qh5 13. Nd5 Nd4 14. Rg3 b5 15.
Nxc7+ Kd7 16. Nxa8 bxc4 17. dxc4 Kc8 18. c3 Ne6 19. Qd5 Nf6 20. Bxf6 Nf4 21. Ng1
Nxd5 22. cxd5 Rh7 23. Re1 Bg7 24. Bxg7 Kb8 25. Bf8 Kxa8 26. Bxd6 a5 27. Rg8+ Kb7
28. Rb8+ Ka6 29. b4 Rg7 30. b5+ Ka7 31. b6+ Ka6 32. Re3 Qd1 33. Rg3 Rg6 34. Rxg6
fxg6 35. c4 g5 36. c5 g4 37. c6 Qf1 38. c7 g3+ 39. fxg3 Qf2+ 40. Kh1 h5 41.
c8=Q+ Kb5 42. Qc6+ Ka6 43. Qc4# 1-0

[Event "AUTO-OPEN-3921"]
[Site "http://www.queenalice.com/game.php?id=1523003"]
[Date "2018.4.10"]
[Round "1"]
[White "Prosperidade"]
[Black "paepum"]
[Result "1-0"]
[WhiteElo "1686"]
[BlackElo "1268"]

1. d4 e6 2. c4 d5 3. cxd5 Qxd5 4. a3 Nf6 5. Nc3 Qf5 6. Nf3 Nc6 7. e3 e5 8. Bd3
e4 9. d5 Nxd5 10. Nxe4 Qg4 11. h3 Qxg2 12. Ng3 Bd6 13. Bf1 Nxe3 14. Bxe3 Qxh1
15. Nxh1 1-0

[Event "AUTO-OPEN-3921"]
[Site "http://www.queenalice.com/game.php?id=1523004"]
[Date "2018.4.10"]
[Round "1"]
[White "paepum"]
[Black "Prosperidade"]
[Result "0-1"]
[WhiteElo "1288"]
[BlackElo "1897"]

1. e4 e5 2. d3 h6 3. Qf3 Nf6 4. Qf5 d6 5. Qf3 c5 6. Bd2 Nc6 7. g4 Nd4 8. Qd1
Bxg4 9. f3 Nxe4 10. dxe4 Qh4# 0-1

[Event "AUTO-OPEN-3921"]
[Site "http://www.queenalice.com/game.php?id=1523029"]
[Date "2018.4.10"]
[Round "1"]
[White "paepum"]
[Black "elisangela"]
[Result "0-1"]
[WhiteElo "1301"]
[BlackElo "1920"]

1. e4 e6 2. Qf3 c6 3. Nh3 Qf6 4. Qb3 h6 5. d4 Qxd4 6. Be3 Qxe4 7. Nd2 Qd5 8. c4
Qa5 9. Qd1 Bb4 10. a3 Bxd2+ 11. Bxd2 Qe5+ 12. Be2 Qxb2 13. Bb4 Qe5 14. f4 Qf6
15. Qd6 Ne7 16. O-O Nf5 17. Qc7 Qd8 18. Ba5 Qxc7 19. Bxc7 Na6 20. Be5 f6 21.
Bh5+ Ke7 22. Bc3 Ne3 23. Rf2 Nxc4 24. Be2 b5 25. Bh5 Kd8 26. a4 Kc7 27. axb5
cxb5 28. Rc1 d5 29. Ba5+ Kd6 30. Bc3 Nc5 31. Rb1 Bd7 32. Bb4 Rhc8 33. f5 a5 34.
Bc3 b4 35. fxe6 Bxe6 36. Re1 Bxh3 37. Bd4 Bd7 38. Rf5 Bxf5 0-1

[Event "AUTO-OPEN-3921"]
[Site "http://www.queenalice.com/game.php?id=1523030"]
[Date "2018.4.10"]
[Round "1"]
[White "elisangela"]
[Black "paepum"]
[Result "1-0"]
[WhiteElo "1918"]
[BlackElo "1307"]

1. e3 e5 2. a3 Qf6 3. Qf3 Qc6 4. Qxc6 Nxc6 5. b4 d5 6. Bb5 h5 7. Bxc6+ bxc6 8.
Bb2 h4 9. Bxe5 Rh5 10. Bxc7 h3 11. gxh3 a5 12. Bxa5 Nf6 13. d3 c5 14. c3 cxb4
15. Bxb4 d4 16. Bxf8 Kxf8 17. exd4 Bxh3 18. Nxh3 Rxh3 19. Kd2 Re8 20. a4 Ng4 21.
f4 Nf2 22. Na3 Rxd3+ 23. Kc2 Re2+ 24. Kb3 Ne4 25. Nb5 Nd2+ 26. Kb4 Ne4 27. a5
Rb2+ 28. Kc4 Nf2 29. a6 Re3 30. a7 Re8 31. Rhe1 Rc8+ 32. Kd5 Rxb5+ 33. Kd6 Rb6+
34. Kd5 Rb5+ 35. Kd6 Rb6+ 36. Kd7 Re8 37. Rxe8# 1-0

[Event "AUTO-OPEN-3921"]
[Site "http://www.queenalice.com/game.php?id=1523031"]
[Date "2018.4.10"]
[Round "1"]
[White "paepum"]
[Black "Scharlatan"]
[Result "0-1"]
[WhiteElo "1299"]
[BlackElo "2052"]

1. e4 e6 2. d4 d5 3. exd5 exd5 4. c4 Nf6 5. c5 Bf5 6. Qe2+ Qe7 7. Be3 b6 8. cxb6
cxb6 9. Qb5+ Nbd7 10. Nc3 a6 11. Qc6 Rb8 12. Bxa6 Be4 13. Bb5 Bxg2 14. Nge2 Bxh1
15. Bf4 Qd8 16. Bxb8 Qxb8 17. O-O-O Bf3 18. Nxd5 Bxd5 19. Qc3 Bd6 20. Qh3 Qc7+
21. Nc3 Bxa2 22. Re1+ Kf8 23. Qf5 Bf4+ 24. Kc2 h5 25. d5 Nc5 26. Nxa2 Nce4+ 27.
Nc3 g6 0-1

[Event "AUTO-OPEN-3921"]
[Site "http://www.queenalice.com/game.php?id=1523032"]
[Date "2018.4.10"]
[Round "1"]
[White "Scharlatan"]
[Black "paepum"]
[Result "1-0"]
[WhiteElo "2099"]
[BlackElo "1299"]

1. Nf3 e5 2. Nxe5 d6 3. Nf3 d5 4. c4 c6 5. d4 dxc4 6. e4 c5 7. Bxc4 Nf6 8. O-O
Bd6 9. e5 Ng4 10. exd6 Qxd6 11. Re1+ Kd8 12. Bxf7 Qxh2+ 13. Nxh2 h5 14. dxc5+
Kc7 15. Bf4+ Kc6 16. Qd5+ Kb5 17. a4+ Ka5 18. Bd2+ Ka6 19. Qc4+ b5 20. Qxb5# 1-0